000 00806cab a2200193 4500
001 WB2316-35
008 090401t1987 xxu||||| |||| 00| 0 eng d
035 _a(Sirsi) u64059
041 _aeng
245 _aCountry park lodge
260 _c1987
350 _a0
490 _aIndependent
_v22/4/87 p20
520 _aIt was held in R v Plymouth City Council and Another, ex parte Freeman that a lodge in a country park fell within the definition of open space in the Town and Country Planning Act 1971 S290(1) , and therefore, the grant of a lease of the lodge without advertisement , in accordance with S26 (2) of the Town and Country Planning Act 1959 , as substituted, was void.
650 _aHOUSING ACT 1980
690 _aPLANNING LAW AND PRACTICE-CASE LAW
942 _n0
948 _c04/03/1997
999 _c39871
_d39871